000 00431cam a22001451 4500
082 _a954.031
_bVIN
100 1 _aVincent, Arthur,
_950451
245 1 4 _aThe defence of India
_c[by] "Arthur Vincent".
260 _aLondon,
_bH. Milford, Oxford University Press,
_c1922.
300 _av, 95 p.
_bfold. map
_c19 cm.
490 0 _aIndia of to-day,
526 _a0
_b0
_c0
_d954_031000000000000_VIN
650 _aMCE
_9379
942 _2ddc
_cBK
999 _c553183
_d553183